000 00266nam a2200121 a 4500
008 100917s1981|||| d
245 1 0 _aRagtime
100 1 _aDoctorow, E.L.
260 _bPravda
_aBratislava
_c1981
020 _c25
044 _axo
_cSK
041 _aslo
999 _c10448
_d10448